000 01046nam a2200301 i 4500
003 EG-GICUC
005 20260421215959.0
008 260421s1964 fr ||||f |||| 00| 0 fre d
040 _aEG-GiCUC
_bfre
_cEG-GiCUC
_dEG-GiCUC
_eRda
041 _afre
082 0 4 _221
_a345
092 0 4 _221
099 _aLaw1 7 345 CA . C 1964 B1009158 C1
100 1 _aCastagné, Jean
_eAuteur
245 1 3 _aLe contrôle juridictionnel de la légalité des actes de police administrative /
_cJean Castagné ; préface de J.-M. Auby.
264 _aParis :
_bLibrairie Générale de Droit et de Jurisprudence - L.G.D.J,
_c1964.
300 _a216 pages ;
_c 24 cm.
336 _2rda contenu
_a texte
337 _2rda medias
_aOrdinateur
338 _2 transporteur rda
_a Ressource en ligne
490 _aBibliothèque de droit public ;
_v57
650 1 _aDroit Administratif
_2qrmak
651 1 _2qrmak
700 1 _aAuby, J.-M.
_ePréfacier
856 4 0 _uhttps://fll.law.cu.edu.eg/fulltext/bks/B10-09158.pdf
905 _a162
942 _2ddc
_cBK
_e21
_n0
999 _c72752
_d72752